| 000 | 00693nam a2200265Ia 4500 | ||
|---|---|---|---|
| 001 | Para_9329 | ||
| 003 | CHAP | ||
| 008 | 220125s2001 xx 000 0 und d | ||
| 010 | _a207932 | ||
| 040 | _cCHAP | ||
| 082 | _a583.973 M8 | ||
| 100 |
_aMuncharaz Pou, Manuel _979469 |
||
| 245 |
_aEl nogal : _b técnicas de cultivo para la producción frutal / _c por Manuel Mucharaz Pou |
||
| 260 |
_aMadrid : _b Mundi Prensa |
||
| 300 | _a297 p. | ||
| 503 | _aC/e (ej.1) | ||
| 650 |
_aNogal _981544 |
||
| 901 | _a583.973 M8 | ||
| 902 | _aM | ||
| 905 | _a0000002001 amn 0000000000 00 | ||
| 910 | _a2001 | ||
| 942 | _cPARA | ||
| 942 |
_cPARA _d1 |
||
| 999 |
_c207932 _d207932 |
||